000 01488cam a22002294a 4500
005 20250605163928.0
008 250528s ||||||||||||||||||||||||d
035 _a14588
020 _a716723212
040 _aGR-AtMCL
_bgre
_dGR-AtMCL
_eAACR2
245 1 _aIntroduction to Design and Analysis / A Student's Handbook
250 _a2nd
260 _bW. H. Freeman And Company,
_c1998
300 _a628
520 _aExperimental Design and Preliminary Data Analysis, Introduction to Experimental Design, Preliminary Data Analysis, The Analysis of Single-Factor Experiments, The Logic of Hypothesis Testing, Calculating the F Ratio, Evaluating the F Ratio, Analytical Comparisons in the Single-Factor Design, Estimating Population Means and Effect Size, Errors of Hypothesis Testing and Statistical Power, The Analysis of Factorial Design, Introduction to the Analysis of Factorial Experiments, Analytical Comparisons in the Factorial Design, The Analysis of Within-Subject Designs, The Single-Factor Within-Subjects Design, The Mixed Within-Subjects Factorial Design, The Two-Factor Within-Subjects Design, Additional Statistical Procedures, The Analysis of Categorical Data, Correlation and Regression, Additional Topics, Appendices, Glossary: Significant Terms and Concepts, References, Author and Subject Index.
700 1 _aKeppel Geoffrey
_9305
700 1 _aSaufley William H
_9306
700 1 _aTokunaga Howard
_9307
942 _cBK
999 _c212
_d212